000 00820nam a2200289 a 4500
001 000108235
003 CHAP
005 20220329144004.0
008 140116s2009 njua |r| |||1|||eng d
010 _a104697
011 _a105669
020 _a9780136003823
040 _cCHAP
082 0 4 _a540
_bT84 2009
100 1 _aTro, Nivaldo J.
_9125169
245 1 0 _aIntroductory chemistry /
_cpor Nivaldo J. Tro.
250 _a3 ed.
260 _aUpper Saddle River, N.J. :
_bPearson/Prentice Hall,
_c2009.
300 _axxxi, 743, [62] p. :
_bil., gráfs., diags., tablas.
590 _aE11695DGD
_b10
_c20140117
_lUCH01
_h0818
590 _aE6096MTM
_b05
_c20140116
_lUCH01
_h1249
590 _aE6096MTM
_b05
_c20140116
_lUCH01
_h1317
650 1 4 _aQuímica.
_993552
901 _aBK
942 _cLIBRO
942 _n0
999 _c104697
_d104697